Centrálna mestská knižnica

Enregistré dans:
Détails bibliographiques
Auteur principal: Mikušová, Romana (Auteur)
Autres auteurs: Bielek, Boris (Directeur de thèse)
Format: Manuscrit Livre
Langue:slovaque
Publié: 2021
Sujets:
Accès en ligne:http://is.stuba.sk/zp/portal_zp.pl?podrobnosti=158634
https://opac.crzp.sk/?fn=detailBiblioForm&sid=F5195A1FF5FC85745343ABDFA517
Tags: Ajouter un tag
Pas de tags, Soyez le premier à ajouter un tag!

MARC

LEADER 00000ntm a22000003a 4500
001 stuzp78934
003 SK-STU
005 20230519135941.6
007 ta
008 150427s2015----xo-----f-mn---000-0-slo-d
040 |a STU  |b slo 
041 0 |a slo 
100 1 |a Mikušová, Romana  |u 010180  |4 aut  |U SvF Stavebná fakulta  |T SvF Katedra konštrukcií pozemných stavieb  |X 9654  |U V180  |Y 18  |7 9654 
242 0 1 |a Central City Library  |y eng 
245 1 0 |a Centrálna mestská knižnica 
260 |c 2021 
650 4 |a knižnica  |2 slo 
650 4 |a fasáda  |2 slo 
650 4 |a železobetón  |2 slo 
650 4 |a library  |2 eng 
650 4 |a facade  |2 eng 
650 4 |a concrete  |2 eng 
700 1 |a Bielek, Boris  |u 010180  |k Z1  |4 ths  |U SvF Stavebná fakulta  |T SvF Katedra konštrukcií pozemných stavieb  |X 4303  |U V180  |Y 18  |7 A000004303 
856 4 |u http://is.stuba.sk/zp/portal_zp.pl?podrobnosti=158634 
856 4 |u https://opac.crzp.sk/?fn=detailBiblioForm&sid=F5195A1FF5FC85745343ABDFA517